000 00615nam a2200253 4500
001 BS2023000 227
003 BR-BrBNA
005 20231030133600.0
008 231019b2004 bl.||||| |||| 00| 0 por d
020 _a85-89876-22-5
040 _aBR-BrBNA
_bpor.
041 _apor.
072 _aB60
100 _aBivar, Antônio
_d1939
245 _aYolanda /
260 _aSão Paulo - SP :
_bA Girafa, Ed.
_c2004
300 _a430 p.
500 _aPenteado, Yolanda - 1903-1983
650 _aBIOGRAFIA
650 _aMULHERES
909 _a202310
_bMaria Neves
942 _cBK
999 _c86529
_d86529